Normal view
MARC view
Entry Personal Name
001 - CONTROL NUMBER
- control field: 12871
003 - CONTROL NUMBER IDENTIFIER
- control field: BD-RjUL
005 - DATE AND TIME OF LATEST TRANSACTION
- control field: 20240507101355.0
008 - FIXED-LENGTH DATA ELEMENTS
- fixed length control field: 240507|| aca||aabn | a|a d
040 ## - CATALOGING SOURCE
- Original cataloging agency: BD-RjUL
- Transcribing agency: BD-RjUL
100 ## - HEADING--PERSONAL NAME
- Personal name: Islam, A. K. M. Rafiul, Supervisors
670 ## - SOURCE DATA FOUND
- Source citation: Work cat.: (BD-RjUL)83662: KHATUN, NURUNNAHAR 12868, MICROPROPAGATION AND GENETIC TRANSFORMATION IN POTATO :, 2004